XIII Concurso Nacional y VII Internacional de Perros de Pastor
Descripción Física:
1 díptic ; 21 cm
Materias:
Gossos d'atura -- Concursos
MARC
| LEADER | 00000nam a2200000Ia 4500 | ||
|---|---|---|---|
| 001 | 22369 | ||
| 008 | 160829s1975 xx 000 0 cat d | ||
| 080 | |a FU-54-41 | ||
| 245 | |a XIII Concurso Nacional y VII Internacional de Perros de Pastor | ||
| 260 | |a Berga : |b Gràfiques Molins, |c 1975 | ||
| 300 | |a 1 díptic ; |c 21 cm | ||
| 590 | |a Concurs celebrat a Castellar de n'Hug el dia 31 d'agost de 1975. | ||
| 590 | |a Prové de J-1360 | ||
| 650 | |a Gossos d'atura |x Concursos |9 47323 | ||
| 901 | |a Arxiu | ||
| 942 | |n 1 | ||
| 952 | |0 0 |1 0 |4 0 |6 FU5441 |7 1 |9 53816 |a Arxiu |b Arxiu |d 2016-12-01 |l 0 |o FU-54-41 |p 22369 |r 2016-12-01 00:00:00 |w 2016-12-01 |y ARXIU | ||
| 999 | |c 57682 |d 57682 | ||